टिकट- संग्रह : (Record no. 117576)
[ view plain ]
| 000 -LEADER | |
|---|---|
| fixed length control field | 01243nam a22002657a 4500 |
| 005 - DATE AND TIME OF LATEST TRANSACTION | |
| control field | 20170124103058.0 |
| 010 ## - LIBRARY OF CONGRESS CONTROL NUMBER | |
| LC control number | B-116373 |
| 020 ## - INTERNATIONAL STANDARD BOOK NUMBER | |
| Terms of availability | 175.00 |
| International Standard Book Number | 8126707593 |
| 035 ## - SYSTEM CONTROL NUMBER | |
| System control number | B-116373 |
| 037 ## - SOURCE OF ACQUISITION | |
| Source of stock number/acquisition | Cen Lib/Ret |
| 040 ## - CATALOGING SOURCE | |
| Original cataloging agency | DPL |
| Language of cataloging | HN |
| 082 ## - DEWEY DECIMAL CLASSIFICATION NUMBER | |
| Classification number | क |
| Item number | टिकट |
| 245 ## - TITLE STATEMENT | |
| Title | टिकट- संग्रह : |
| Statement of responsibility, etc | मूल चेक से अनुवाद निर्मल वर्मा |
| Remainder of title | कारेल चापेक की कहानियां / |
| 246 ## - VARYING FORM OF TITLE | |
| Title proper/short title | Ticket-sangrah : Karel Chapek ki kahaniyan / |
| Remainder of title | mool check se anuvad Nirmal Varma |
| 260 ## - PUBLICATION, DISTRIBUTION, ETC. (IMPRINT) | |
| Place of publication, distribution, etc | नयी दिल्ली |
| Name of publisher, distributor, etc | राजकमल प्रकाशन |
| Date of publication, distribution, etc | 2003 |
| 270 ## - ADDRESS | |
| City | नयी दिल्ली |
| Postal code | 110002 |
| Address | 1-बी, नेताजी सुभाष मार्ग |
| 300 ## - PHYSICAL DESCRIPTION | |
| Extent | viii,147p. |
| Dimensions | 19से.मी. (सजिल्द) |
| 500 ## - GENERAL NOTE | |
| General note | परिशष्ट शामिल |
| 650 ## - SUBJECT ADDED ENTRY--TOPICAL TERM | |
| Topical term or geographic name as entry element | हिंदी साहित्य |
| 9 (RLIN) | 75537 |
| 650 ## - SUBJECT ADDED ENTRY--TOPICAL TERM | |
| Topical term or geographic name as entry element | हिंदी साहित्य |
| General subdivision | कहानियां |
| 9 (RLIN) | 75538 |
| 650 ## - SUBJECT ADDED ENTRY--TOPICAL TERM | |
| Topical term or geographic name as entry element | Hindi literature |
| 9 (RLIN) | 75539 |
| 650 ## - SUBJECT ADDED ENTRY--TOPICAL TERM | |
| Topical term or geographic name as entry element | Hindi literature |
| General subdivision | stories |
| 9 (RLIN) | 75540 |
| 700 ## - ADDED ENTRY--PERSONAL NAME | |
| Personal name | वर्मा, निर्मल |
| 9 (RLIN) | 75541 |
| 942 ## - ADDED ENTRY ELEMENTS (KOHA) | |
| Source of classification or shelving scheme | Dewey Decimal Classification |
| Koha item type | Hindi Books |
| Classification part | क |
| Call number suffix | टिकट |
| Withdrawn status | Lost status | Damaged status | Not for loan | Home library | Current library | Date acquired | Source of acquisition | Cost, normal purchase price | Total Checkouts | Full call number | Barcode | Date last seen | Copy number | Cost, replacement price | Price effective from | Koha item type | Source of classification or shelving scheme | Collection code |
|---|---|---|---|---|---|---|---|---|---|---|---|---|---|---|---|---|---|---|
| Central Library | Central Library | 07/09/2015 | Cen Lib/Ref | 175.00 | क टिकट | B-116373 | 07/09/2015 | 1 | 175.00 | 07/09/2015 | Hindi Books | |||||||
| Sarojini Nagar | Sarojini Nagar | 18/10/2021 | क टिकट | B-116380 | 18/10/2021 | 18/10/2021 | Hindi Books | Dewey Decimal Classification | Fiction |
